[Event "DEM U16w 2016"]
[Site "Willingen GER"]
[Date "2016.05.18"]
[Round "6"]
[White "Reinecke, Katharina"]
[Black "Moses, Selina"]
[Result "1/2-1/2"]
[Termination "normal"]
[Board "5"]
[WhiteElo "1842"]
[BlackElo "1767"]
[WhiteClock "00:18:33"]
[BlackClock "00:03:16"]
[PlyCount "58"]
[WhiteFideId "12929727"]
[BlackFideId "12908070"]
[EventCountry "GER"]
[EventRounds "9"]
[EventType "swiss"]
[EventDate "2016.05.14"]

1. d4 d5 2. c4 c6 3. Nf3 Nf6 4. e3 e6 5. b3 Nbd7 6. Bb2 Bd6 7. Nbd2 b6 8. Be2
Bb7 9. O-O O-O 10. Rc1 Qe7 11. Ne5 Rac8 12. Rc2 c5 13. Qa1 cxd4 14. Nxd7 Nxd7
15. Bxd4 e5 16. Bb2 f5 17. Rfc1 Kh8 18. cxd5 Rxc2 19. Rxc2 Bxd5 20. Bf3 e4 21.
Be2 f4 22. Nc4 Bxc4 23. Bxc4 fxe3 24. fxe3 Qg5 25. Qe1 Ne5 26. Bxe5 Qxe5 27. g3
Bc5 28. Rf2 Rxf2 29. Qxf2 Qe7 1/2-1/2

[Event "DEM U16w 2016"]
[Site "Willingen GER"]
[Date "2016.05.18"]
[Round "6"]
[White "Kail, Sindy"]
[Black "Sewald, Kathrin"]
[Result "0-1"]
[Termination "normal"]
[Board "6"]
[WhiteElo "1728"]
[BlackElo "1789"]
[WhiteClock "00:08:53"]
[BlackClock "00:13:16"]
[PlyCount "70"]
[WhiteFideId "12988502"]
[BlackFideId "12964557"]
[EventCountry "GER"]
[EventRounds "9"]
[EventType "swiss"]
[EventDate "2016.05.14"]

1. e4 e5 2. Nf3 Nc6 3. Bc4 Bc5 4. O-O d6 5. c3 Bb6 6. h3 Nf6 7. Re1 O-O 8. d3
h6 9. Nbd2 Ne7 10. Nf1 c6 11. Ng3 Kh7 12. d4 Qc7 13. Be3 g5 14. Nh2 Ng6 15. Qc2
Nf4 16. Nf5 Kg6 17. Bf1 h5 18. dxe5 dxe5 19. Bxb6 Qxb6 20. Nf3 Qc7 21. Rad1 g4
22. hxg4 Nxg4 23. N3h4+ Kh7 24. g3 Ng6 25. f3 Qb6+ 26. Kg2 Nxh4+ 27. gxh4 Bxf5
28. exf5 Ne3+ 29. Rxe3 Qxe3 30. f6+ Kh6 31. Qf5 Rg8+ 32. Kh3 Qg1 33. Qxe5 Qh1+
34. Qh2 Qxf3+ 35. Qg3 Qxg3# 0-1

[Event "DEM U16w 2016"]
[Site "Willingen GER"]
[Date "2016.05.18"]
[Round "6"]
[White "Schilay, Eva"]
[Black "Halas, Julia"]
[Result "0-1"]
[Termination "normal"]
[Board "7"]
[WhiteElo "1540"]
[BlackElo "1880"]
[PlyCount "44"]
[WhiteFideId "12930164"]
[BlackFideId "12931810"]
[EventCountry "GER"]
[EventRounds "9"]
[EventType "swiss"]
[EventDate "2016.05.14"]

1. e4 e6 2. Nc3 d5 3. f4 Nf6 4. Qe2 Be7 5. Nf3 O-O 6. g3 d4 7. Nd1 c5 8. Nf2
Nc6 9. Bg2 Rb8 10. O-O b5 11. d3 Qb6 12. b3 a5 13. a4 Ba6 14. Bd2 c4 15. axb5
cxd3 16. Nxd3 Bxb5 17. Rfc1 Rfc8 18. Be1 Nb4 19. Bf2 Rxc2 20. Rxc2 Bxd3 21.
Bxd4 Bxe2 22. Bxb6 Nxc2 0-1

[Event "DEM U16w 2016"]
[Site "Willingen GER"]
[Date "2016.05.18"]
[Round "6"]
[White "Habersetzer, Elyse"]
[Black "Ratay, Meike"]
[Result "1/2-1/2"]
[Termination "normal"]
[Board "8"]
[WhiteElo "1638"]
[BlackElo "1688"]
[PlyCount "91"]
[WhiteFideId "16222288"]
[BlackFideId "12977608"]
[EventCountry "GER"]
[EventRounds "9"]
[EventType "swiss"]
[EventDate "2016.05.14"]

1. d4 Nf6 2. Nf3 g6 3. c4 Bg7 4. Nc3 O-O 5. e4 d6 6. h3 Nbd7 7. e5 Ne8 8. exd6
exd6 9. Be2 Nef6 10. Bg5 Re8 11. O-O h6 12. Be3 Nh7 13. Qd2 g5 14. Bd3 Ndf8 15.
Rfe1 f5 16. g3 Nf6 17. Nh2 Ng6 18. Qc2 Ne7 19. Kg2 b6 20. Rac1 Qd7 21. Bd2 Rd8
22. d5 c6 23. dxc6 Qxc6+ 24. f3 Kf8 25. Kf2 d5 26. cxd5 Nfxd5 27. Nxd5 Qxc2 28.
Bxc2 Nxd5 29. b3 Kf7 30. Nf1 Be6 31. Bb1 Rac8 32. Rxc8 Rxc8 33. Ne3 Bd4 34. Kg2
Nxe3+ 35. Bxe3 Bxe3 36. Rxe3 Rc1 37. Bd3 Ra1 38. Re2 Kf6 39. Bb5 Rc1 40. Bd3
Rc3 41. Rd2 Bd5 42. Kf2 f4 43. g4 Bc6 44. Be2 Ke7 45. Bd3 Kf6 46. Be2 1/2-1/2

[Event "DEM U16w 2016"]
[Site "Willingen GER"]
[Date "2016.05.18"]
[Round "6"]
[White "Jörs, Pia-Milena"]
[Black "Simon, Tessa"]
[Result "0-1"]
[Termination "normal"]
[Board "9"]
[WhiteElo "1568"]
[BlackElo "1927"]
[PlyCount "78"]
[WhiteFideId "12964646"]
[BlackFideId "12929395"]
[EventCountry "GER"]
[EventRounds "9"]
[EventType "swiss"]
[EventDate "2016.05.14"]

1. d4 d5 2. c4 c6 3. Nc3 dxc4 4. a4 e5 5. d5 Bb4 6. Bd2 Nf6 7. dxc6 Nxc6 8. e3
Be6 9. Qc2 O-O 10. Rd1 Qe7 11. Nf3 Nd4 12. exd4 exd4 13. Ne4 Bxd2+ 14. Qxd2
Nxe4 15. Qxd4 Qb4+ 16. Nd2 Nxd2 17. Qxd2 Qxa4 18. Be2 Rab8 19. O-O a6 20. Rc1
Rfd8 21. Qc3 Rbc8 22. Bd1 Qb5 23. Be2 Qg5 24. Rfd1 b5 25. Bf3 Bd5 26. Ra1 Bxf3
27. Qxf3 Rxd1+ 28. Qxd1 Qf6 29. Qc2 h6 30. Rc1 a5 31. Qd2 b4 32. h3 Qe6 33. Qc2
c3 34. bxc3 Rxc3 35. Qb2 Rxc1+ 36. Qxc1 a4 37. Qd1 Qb3 38. Qa1 a3 39. Qe1 a2
0-1

[Event "DEM U16w 2016"]
[Site "Willingen GER"]
[Date "2016.05.18"]
[Round "6"]
[White "Lange, Cecilia"]
[Black "ter Stal, Esther"]
[Result "1/2-1/2"]
[Termination "normal"]
[Board "10"]
[WhiteElo "1841"]
[BlackElo "1597"]
[PlyCount "51"]
[WhiteFideId "12976040"]
[BlackFideId "12944467"]
[EventCountry "GER"]
[EventRounds "9"]
[EventType "swiss"]
[EventDate "2016.05.14"]

1. e4 c6 2. d4 d5 3. Nd2 dxe4 4. Nxe4 Nd7 5. Nf3 Ngf6 6. Nxf6+ Nxf6 7. Ne5 Bf5
8. c3 e6 9. g4 Qd5 10. f3 Nxg4 11. Bc4 Qd8 12. Nxg4 Bd6 13. Qe2 Qh4+ 14. Qf2
Qe7 15. Bd2 O-O-O 16. O-O-O Qc7 17. h4 c5 18. dxc5 Bxc5 19. Qh2 Qb6 20. Bf4 h5
21. Nf6 gxf6 22. Qe2 Bd6 23. Be3 Bc5 24. Bf4 Bd6 25. Be3 Bc5 26. Bf4 1/2-1/2

[Event "DEM U16w 2016"]
[Site "Willingen GER"]
[Date "2016.05.18"]
[Round "6"]
[White "Weiten, Anna"]
[Black "Diener, Carolin Valeria"]
[Result "1/2-1/2"]
[Termination "normal"]
[Board "11"]
[WhiteElo "1415"]
[BlackElo "1740"]
[PlyCount "66"]
[WhiteFideId "12938203"]
[BlackFideId "24699063"]
[EventCountry "GER"]
[EventRounds "9"]
[EventType "swiss"]
[EventDate "2016.05.14"]

1. e4 e5 2. Nf3 Nc6 3. d4 exd4 4. Nxd4 Bc5 5. Be3 Bb6 6. Bc4 d6 7. c3 Nf6 8.
Nd2 O-O 9. O-O Ne5 10. Be2 h6 11. h3 Re8 12. f4 Ned7 13. Qc2 Nc5 14. Bf3 Qe7
15. Rae1 Nfxe4 16. Bf2 f5 17. b4 Na6 18. Nxe4 fxe4 19. Bxe4 Qf8 20. a4 c6 21.
a5 Bxd4 22. Bxd4 d5 23. Bd3 Rxe1 24. Rxe1 Bd7 25. Rf1 Nc7 26. f5 Nb5 27. Bc5
Qf6 28. g4 Qxc3 29. Qxc3 Nxc3 30. Re1 Re8 31. Rxe8+ Bxe8 32. Bxa7 Bd7 33. Kf2
Kf7 1/2-1/2

[Event "DEM U16w 2016"]
[Site "Willingen GER"]
[Date "2016.05.18"]
[Round "6"]
[White "Gläser, Anne"]
[Black "Sauer, Annika"]
[Result "1/2-1/2"]
[Termination "normal"]
[Board "12"]
[WhiteElo "1304"]
[BlackElo "1596"]
[PlyCount "42"]
[WhiteFideId "16208765"]
[BlackFideId "12952052"]
[EventCountry "GER"]
[EventRounds "9"]
[EventType "swiss"]
[EventDate "2016.05.14"]

1. e4 c5 2. Nc3 Nc6 3. g3 g6 4. Bg2 Bg7 5. d3 e6 6. f4 d6 7. Nf3 Nf6 8. O-O O-O
9. h3 a6 10. Be3 Ne8 11. d4 cxd4 12. Nxd4 Bd7 13. Qd2 Nxd4 14. Bxd4 e5 15. fxe5
Bxe5 16. Bxe5 dxe5 17. Nd5 Bc6 18. c4 Bxd5 19. exd5 Rc8 20. b3 f6 21. Rac1 Qd6
1/2-1/2

[Event "DEM U16w 2016"]
[Site "Willingen GER"]
[Date "2016.05.18"]
[Round "6"]
[White "Duan, Muxi"]
[Black "Christiansen, Anna"]
[Result "1/2-1/2"]
[Termination "normal"]
[Board "13"]
[WhiteElo "1246"]
[BlackElo "1503"]
[PlyCount "57"]
[WhiteFideId "12971960"]
[BlackFideId "12952230"]
[EventCountry "GER"]
[EventRounds "9"]
[EventType "swiss"]
[EventDate "2016.05.14"]

1. e4 e5 2. Nf3 Nc6 3. Bc4 Bc5 4. c3 Nf6 5. d3 a6 6. Bb3 d6 7. O-O O-O 8. Nbd2
Ba7 9. h3 h6 10. Re1 Nh5 11. Nf1 Qf6 12. Qe2 Ne7 13. Kh2 Nf4 14. Bxf4 Qxf4+ 15.
g3 Qf6 16. Ne3 g5 17. Rh1 Kg7 18. Kg2 Bd7 19. Rag1 Rh8 20. Ng4 Bxg4 21. hxg4 c6
22. Rd1 Rad8 23. Rd2 Ng6 24. Ne1 d5 25. exd5 cxd5 26. Nc2 Ne7 27. Re1 Nc6 28.
Ne3 Ne7 29. d4 1/2-1/2

[Event "DEM U16w 2016"]
[Site "Willingen GER"]
[Date "2016.05.19"]
[Round "7"]
[White "Sieber, Fiona"]
[Black "Wächter, Nathalie"]
[Result "1/2-1/2"]
[Termination "normal"]
[Board "1"]
[WhiteTitle "WFM"]
[WhiteElo "2236"]
[BlackElo "1974"]
[WhiteClock "00:02:00"]
[BlackClock "00:01:17"]
[PlyCount "173"]
[WhiteFideId "12902373"]
[BlackFideId "12921033"]
[EventCountry "GER"]
[EventRounds "9"]
[EventType "swiss"]
[EventDate "2016.05.14"]

1. e4 d5 2. exd5 Nf6 3. Nf3 Bg4 4. Bb5+ c6 5. dxc6 Nxc6 6. h3 Bh5 7. Nc3 Qb6 8.
g4 Bg6 9. Ne5 Be4 10. f3 a6 11. Ba4 Qc7 12. Nxe4 Nxe4 13. fxe4 Qxe5 14. Qf3 b5
15. Bb3 e6 16. c3 Be7 17. d4 Bh4+ 18. Ke2 Qc7 19. Bf4 Qe7 20. Rad1 Rd8 21. d5
exd5 22. Bxd5 Na7 23. Be3 O-O 24. Rhf1 Nc8 25. g5 Bxg5 26. Bxf7+ Kh8 27. Bxg5
Qxg5 28. Rxd8 Rxd8 29. Bd5 h6 30. Qf5 Qg2+ 31. Rf2 Qg1 32. Qf7 Qg5 33. Qf4 Qh5+
34. Qg4 Qe5 35. Rf5 Qh2+ 36. Rf2 Qe5 37. Rf7 Nd6 38. Rd7 Rf8 39. Kd3 h5 40. Qg6
Nc4 41. Bxc4 bxc4+ 42. Kc2 Rf2+ 43. Kd1 Rf1+ 44. Ke2 Rf8 45. Ke1 Re8 46. Kd1 h4
47. Qf7 Re6 48. Qf8+ Kh7 49. Qf5+ Qxf5 50. exf5 Re3 51. f6 Rxh3 52. Rxg7+ Kh6
53. Rg4 Kh5 54. Rf4 Rd3+ 55. Ke2 Rd8 56. f7 Rf8 57. Kf3 Kg5 58. Rg4+ Kh5 59.
Rf4 Kg5 60. a3 Kh5 61. Kg2 Kg5 62. Rf1 Kg4 63. Rf2 h3+ 64. Kh2 Kh4 65. Rf4+ Kg5
66. Rxc4 Rxf7 67. Kxh3 Kf5 68. Ra4 Rf6 69. Kg3 Ke5 70. Ra5+ Ke4 71. c4 Kd4 72.
c5 Kc4 73. b4 Kd4 74. Kg4 Ke4 75. Kg5 Rc6 76. Kg4 Rg6+ 77. Kh5 Rc6 78. Kg5 Re6
79. Ra4 Ke5 80. b5 axb5 81. Rb4 Kd5 82. Rxb5 Rc6 83. Kf4 Rxc5 84. Rb3 Kc4 85.
Rb4+ Kc3 86. Re4 Rc4 87. a4 1/2-1/2

[Event "DEM U16w 2016"]
[Site "Willingen GER"]
[Date "2016.05.19"]
[Round "7"]
[White "Leser, Katrin"]
[Black "Reinecke, Katharina"]
[Result "1-0"]
[Termination "normal"]
[Board "2"]
[WhiteElo "1894"]
[BlackElo "1842"]
[WhiteClock "00:04:13"]
[BlackClock "00:05:58"]
[PlyCount "119"]
[WhiteFideId "12997692"]
[BlackFideId "12929727"]
[EventCountry "GER"]
[EventRounds "9"]
[EventType "swiss"]
[EventDate "2016.05.14"]

1. e4 c6 2. Nc3 d5 3. Nf3 Nf6 4. e5 Ne4 5. d3 Nxc3 6. bxc3 c5 7. Be2 Bg4 8. h3
Bf5 9. Nh4 Bd7 10. f4 Nc6 11. O-O g5 12. fxg5 Nxe5 13. d4 Ng6 14. Nf5 Bxf5 15.
Rxf5 c4 16. Qf1 Qa5 17. Bxc4 O-O-O 18. Bb3 Qxc3 19. Rb1 Qxd4+ 20. Kh1 Qc5 21.
Bb2 e5 22. Rxf7 Bd6 23. Rd1 d4 24. Qf3 Qb6 25. c3 Bc5 26. Be6+ Kb8 27. Bd5 Ne7
28. cxd4 exd4 29. Bxd4 Rhe8 30. Bxc5 Qxc5 31. Bb3 Rxd1+ 32. Qxd1 Qxg5 33. Rxh7
Nc6 34. Ba4 Qc5 35. Rh6 Rd8 36. Qf1 Rf8 37. Qe1 Rd8 38. Re6 Kc7 39. Bxc6 bxc6
40. Qe5+ Kb6 41. Qxc5+ Kxc5 42. Re4 Kd5 43. Re7 Rc8 44. g4 c5 45. Kg2 Kd4 46.
Kf2 Kd3 47. Rd7+ Kc2 48. g5 c4 49. Ke3 c3 50. g6 Kc1 51. g7 c2 52. Rc7 Re8+ 53.
Kf4 Kd2 54. Kf5 c1=Q 55. Rxc1 Kxc1 56. h4 a5 57. a4 Rc8 58. h5 Rc4 59. g8=Q
Rxa4 60. h6 1-0

[Event "DEM U16w 2016"]
[Site "Willingen GER"]
[Date "2016.05.19"]
[Round "7"]
[White "Halas, Julia"]
[Black "Köhler, Inken"]
[Result "0-1"]
[Termination "normal"]
[Board "3"]
[WhiteElo "1880"]
[BlackElo "1968"]
[WhiteClock "00:00:37"]
[BlackClock "00:04:50"]
[PlyCount "74"]
[WhiteFideId "12931810"]
[BlackFideId "12929301"]
[EventCountry "GER"]
[EventRounds "9"]
[EventType "swiss"]
[EventDate "2016.05.14"]

1. d4 d5 2. c4 c6 3. Nf3 Nf6 4. Nc3 e6 5. Bg5 Be7 6. e3 O-O 7. Qc2 Nbd7 8. cxd5
exd5 9. Bd3 Re8 10. O-O Nf8 11. a3 h6 12. Bh4 Ne6 13. b4 g5 14. Bg3 Nh5 15. Ne5
Neg7 16. Bh7+ Kf8 17. Nxf7 Kxf7 18. Qg6+ Kf8 19. Qxh6 Bf6 20. Bg6 Nxg3 21. fxg3
Re6 22. Qxg5 Ke7 23. Qh6 Qg8 24. Ra2 Ne8 25. Bxe8 Qxe8 26. Raf2 Qh8 27. Qg6 Bd7
28. b5 Rg8 29. Qd3 Qh6 30. e4 Qg6 31. Re2 Kd8 32. Rfe1 Rge8 33. bxc6 Bxc6 34.
Re3 dxe4 35. Qc4 Rd6 36. Ne2 Qg5 37. Kf1 Qxe3 0-1

[Event "DEM U16w 2016"]
[Site "Willingen GER"]
[Date "2016.05.19"]
[Round "7"]
[White "Moses, Selina"]
[Black "Hartmann, Cora"]
[Result "1-0"]
[Termination "normal"]
[Board "4"]
[WhiteElo "1767"]
[BlackElo "1828"]
[WhiteClock "00:22:24"]
[BlackClock "00:09:45"]
[PlyCount "53"]
[WhiteFideId "12908070"]
[BlackFideId "16200764"]
[EventCountry "GER"]
[EventRounds "9"]
[EventType "swiss"]
[EventDate "2016.05.14"]

1. e4 e5 2. Nf3 Nc6 3. Bb5 a6 4. Bxc6 dxc6 5. O-O Bg4 6. h3 h5 7. d3 Qf6 8.
Nbd2 Ne7 9. Re1 Ng6 10. d4 Bd6 11. c3 O-O-O 12. hxg4 hxg4 13. Nh2 Rxh2 14.
Qxg4+ Kb8 15. Nf3 Rh7 16. Qf5 Rdh8 17. g3 Rh1+ 18. Kg2 R8h2+ 19. Nxh2 Rxe1 20.
Nf3 Rd1 21. Qh5 Rxc1 22. Rxc1 exd4 23. cxd4 Qf4 24. Re1 Bb4 25. Qxg6 Qxf3+ 26.
Kxf3 fxg6 27. Rh1 1-0

[Event "DEM U16w 2016"]
[Site "Willingen GER"]
[Date "2016.05.19"]
[Round "7"]
[White "Sewald, Kathrin"]
[Black "Sanati, Charlotte"]
[Result "1-0"]
[Termination "normal"]
[Board "5"]
[WhiteElo "1789"]
[BlackElo "1915"]
[WhiteClock "00:08:37"]
[BlackClock "00:01:03"]
[PlyCount "117"]
[WhiteFideId "12964557"]
[BlackFideId "12907707"]
[EventCountry "GER"]
[EventRounds "9"]
[EventType "swiss"]
[EventDate "2016.05.14"]

1. e4 c5 2. Nc3 Nc6 3. f4 g6 4. Nf3 Bg7 5. g3 e6 6. Bg2 Nge7 7. O-O O-O 8. Ne2
d5 9. e5 Qb6 10. Kh1 Nf5 11. c3 d4 12. g4 Nfe7 13. c4 d3 14. Nc3 Bd7 15. Ne1
Na5 16. b3 Rad8 17. Nxd3 Bc6 18. Nf2 f6 19. exf6 Bxf6 20. Qe2 Bxg2+ 21. Kxg2
Rd4 22. Nfe4 Qc6 23. Rb1 Rfd8 24. Rf3 Bg7 25. d3 b6 26. Nb5 R4d7 27. Ng5 e5 28.
Ne4 a6 29. Na3 Qe6 30. h3 exf4 31. Bxf4 Nac6 32. Nc2 Ne5 33. Ng5 Qf6 34. Qxe5
Qxe5 35. Bxe5 Bxe5 36. Nf7 Rxd3 37. Nxd8 Rxd8 38. Re1 Nc6 39. Rfe3 Kg7 40. Kf3
Rf8+ 41. Ke4 Nd4 42. Nxd4 Bxd4 43. Kd5 Bxe3 44. Rxe3 Rf2 45. Re6 Rd2+ 46. Kc6
Kf7 47. Re3 b5 48. cxb5 axb5 49. Kxc5 Rxa2 50. Kxb5 Rb2 51. b4 Kf6 52. Kc5 Kg5
53. b5 Kf4 54. Rc3 h5 55. gxh5 gxh5 56. b6 h4 57. Kc6 Rg2 58. b7 Rg3 59. b8=Q+
1-0

[Event "DEM U16w 2016"]
[Site "Willingen GER"]
[Date "2016.05.19"]
[Round "7"]
[White "Ratay, Meike"]
[Black "Rogozenco, Teodora"]
[Result "1-0"]
[Termination "normal"]
[Board "6"]
[WhiteElo "1688"]
[BlackElo "2104"]
[WhiteClock "00:27:23"]
[BlackClock "00:26:23"]
[PlyCount "85"]
[WhiteFideId "12977608"]
[BlackFideId "12938084"]
[EventCountry "GER"]
[EventRounds "9"]
[EventType "swiss"]
[EventDate "2016.05.14"]

1. e4 e5 2. Nf3 Nc6 3. Bb5 a6 4. Bxc6 dxc6 5. O-O Bg4 6. h3 Bh5 7. g4 Bg6 8.
Nxe5 Qh4 9. Qf3 f6 10. Nxg6 hxg6 11. Kg2 g5 12. d3 Ne7 13. Rh1 Qh7 14. Kf1 Qg8
15. Be3 O-O-O 16. Nd2 Kb8 17. Nc4 Ng6 18. a4 Rh4 19. a5 Qh7 20. Rd1 Bd6 21.
Nxd6 cxd6 22. d4 Rh8 23. Rd3 Rxh3 24. Rxh3 Qxh3+ 25. Qxh3 Rxh3 26. Kg2 Rh8 27.
Kg3 Re8 28. f4 c5 29. f5 c4 30. Rc3 Nf8 31. Kf3 Rc8 32. e5 dxe5 33. dxe5 fxe5
34. Bxg5 Nh7 35. Be7 Rc6 36. Ke4 Nf6+ 37. Bxf6 gxf6 38. g5 fxg5 39. Kxe5 Kc7
40. Rg3 Rc5+ 41. Ke6 Rxa5 42. f6 Ra1 43. f7 1-0

[Event "DEM U16w 2016"]
[Site "Willingen GER"]
[Date "2016.05.19"]
[Round "7"]
[White "Simon, Tessa"]
[Black "Habersetzer, Elyse"]
[Result "1-0"]
[Termination "normal"]
[Board "7"]
[WhiteElo "1927"]
[BlackElo "1638"]
[PlyCount "35"]
[WhiteFideId "12929395"]
[BlackFideId "16222288"]
[EventCountry "GER"]
[EventRounds "9"]
[EventType "swiss"]
[EventDate "2016.05.14"]

1. e4 e6 2. d4 d5 3. Nc3 dxe4 4. Nxe4 Nd7 5. Bd3 Ngf6 6. Qe2 b6 7. Nf3 Bb7 8.
Nxf6+ Nxf6 9. Bg5 Be7 10. O-O-O O-O 11. Kb1 Qc8 12. h4 c5 13. Bxf6 Bxf6 14. Ng5
g6 15. f4 Bxd4 16. h5 h6 17. hxg6 hxg5 18. Qh5 1-0

[Event "DEM U16w 2016"]
[Site "Willingen GER"]
[Date "2016.05.19"]
[Round "7"]
[White "Ley, Sabrina"]
[Black "Kail, Sindy"]
[Result "0-1"]
[Termination "normal"]
[Board "8"]
[WhiteElo "1816"]
[BlackElo "1728"]
[PlyCount "46"]
[WhiteFideId "12938130"]
[BlackFideId "12988502"]
[EventCountry "GER"]
[EventRounds "9"]
[EventType "swiss"]
[EventDate "2016.05.14"]

1. e4 c5 2. Ne2 Nc6 3. g3 g6 4. Bg2 Bg7 5. O-O e6 6. d3 Nge7 7. c3 O-O 8. Be3
b6 9. f4 Bb7 10. a4 d5 11. exd5 Nxd5 12. Bf2 Qd7 13. d4 cxd4 14. Nxd4 Rad8 15.
Na3 e5 16. fxe5 Nxe5 17. Nf3 Ng4 18. Nc2 Ba6 19. Re1 Nxf2 20. Kxf2 Qc7 21. Nfd4
Nxc3 22. Qd2 Ne2 23. Nb4 Bxd4+ 0-1

[Event "DEM U16w 2016"]
[Site "Willingen GER"]
[Date "2016.05.19"]
[Round "7"]
[White "ter Stal, Esther"]
[Black "Schilay, Eva"]
[Result "0-1"]
[Termination "normal"]
[Board "9"]
[WhiteElo "1597"]
[BlackElo "1540"]
[PlyCount "100"]
[WhiteFideId "12944467"]
[BlackFideId "12930164"]
[EventCountry "GER"]
[EventRounds "9"]
[EventType "swiss"]
[EventDate "2016.05.14"]

1. d4 d5 2. Nf3 Nf6 3. e3 Bf5 4. c4 c6 5. Qb3 Qb6 6. Nc3 e6 7. Be2 dxc4 8. Bxc4
Be7 9. O-O Nbd7 10. Qd1 O-O 11. a3 Rfd8 12. Na4 Qc7 13. Bd3 Bxd3 14. Qxd3 e5
15. Qc2 exd4 16. Nxd4 Ng4 17. g3 Bf6 18. Rd1 Nb6 19. Nxb6 Qxb6 20. Nf3 Rxd1+
21. Qxd1 Rd8 22. Qe2 Ne5 23. Rb1 Nxf3+ 24. Qxf3 Qb3 25. Qe2 Rd1+ 26. Kg2 Qd5+
27. e4 Qb3 28. Qg4 h6 29. Qc8+ Rd8 30. Qg4 Qc2 31. Ra1 Bxb2 32. Bxb2 Qxb2 33.
Re1 Qxa3 34. e5 Qe7 35. Qc4 Qe6 36. Qa4 a6 37. Kg1 Qd5 38. Qb4 Qb5 39. Qe7 Qb6
40. e6 fxe6 41. Rxe6 Qb1+ 42. Kg2 Qd3 43. Kg1 Qd7 44. Qh4 Re8 45. Rg6 Qd1+ 46.
Kg2 Qd5+ 47. Kh3 Qf5+ 48. Rg4 Re4 49. f3 Rxg4 50. Qd8+ Qf8 0-1

[Event "DEM U16w 2016"]
[Site "Willingen GER"]
[Date "2016.05.19"]
[Round "7"]
[White "Jörs, Pia-Milena"]
[Black "Lange, Cecilia"]
[Result "0-1"]
[Termination "normal"]
[Board "10"]
[WhiteElo "1568"]
[BlackElo "1841"]
[PlyCount "64"]
[WhiteFideId "12964646"]
[BlackFideId "12976040"]
[EventCountry "GER"]
[EventRounds "9"]
[EventType "swiss"]
[EventDate "2016.05.14"]

1. d4 d5 2. Nf3 Nf6 3. c4 e6 4. Nc3 Be7 5. Bf4 O-O 6. h3 dxc4 7. Bg5 h6 8. Bxf6
Bxf6 9. e3 c5 10. Ne4 cxd4 11. Nxf6+ Qxf6 12. Nxd4 e5 13. Nc2 Rd8 14. Qc1 Be6
15. Na3 Qg6 16. Nxc4 Nc6 17. Qc3 Bxc4 18. Qxc4 Rac8 19. Qa4 Nd4 20. Rd1 Nc2+
21. Ke2 Rxd1 22. Kxd1 Qd6+ 23. Ke2 Nb4 24. Qd1 Rc2+ 25. Ke1 Qf6 26. Be2 Rxb2
27. Kf1 Rxa2 28. Kg1 e4 29. Qe1 Ra1 30. Bd1 Qd6 31. g3 Rxd1 32. Qxd1 Qxd1+ 0-1

[Event "DEM U16w 2016"]
[Site "Willingen GER"]
[Date "2016.05.19"]
[Round "7"]
[White "Diener, Carolin Valeria"]
[Black "Gläser, Anne"]
[Result "1-0"]
[Termination "normal"]
[Board "11"]
[WhiteElo "1740"]
[BlackElo "1304"]
[PlyCount "109"]
[WhiteFideId "24699063"]
[BlackFideId "16208765"]
[EventCountry "GER"]
[EventRounds "9"]
[EventType "swiss"]
[EventDate "2016.05.14"]

1. e4 e5 2. Nf3 Nc6 3. Bb5 a6 4. Ba4 Nf6 5. O-O b5 6. Bb3 Be7 7. c3 O-O 8. Re1
d6 9. h3 Na5 10. Bc2 c5 11. d4 exd4 12. cxd4 Nc6 13. Be3 Bb7 14. Nbd2 Re8 15.
a3 Rc8 16. Nf1 cxd4 17. Nxd4 Ne5 18. Bf4 Bf8 19. Ng3 d5 20. Bxe5 Rxe5 21. f4
Re8 22. e5 Nd7 23. Kh1 Nc5 24. Nde2 Qb6 25. b4 Ne6 26. Qd3 g6 27. Nh5 Bg7 28.
Nxg7 Nxg7 29. Ng3 Qe6 30. Bb3 Qd7 31. Ne4 Nh5 32. Nc5 Qc6 33. Nxb7 Qxb7 34.
Bxd5 Nxf4 35. Bxb7 Nxd3 36. Bxc8 Nxe1 37. Bxa6 Nc2 38. Ra2 Nd4 39. Rd2 Rd8 40.
Bxb5 Kf8 41. Bc4 Ke7 42. a4 Nc6 43. Rxd8 Kxd8 44. Bxf7 Nxb4 45. Bg8 h6 46. Bc4
Nc6 47. e6 Ke7 48. Kh2 g5 49. Kg3 h5 50. h4 Kf6 51. hxg5+ Kxg5 52. a5 Kf6 53.
a6 Na7 54. Kh4 Ke7 55. Kxh5 1-0

[Event "DEM U16w 2016"]
[Site "Willingen GER"]
[Date "2016.05.19"]
[Round "7"]
[White "Sauer, Annika"]
[Black "Duan, Muxi"]
[Result "1-0"]
[Termination "normal"]
[Board "12"]
[WhiteElo "1596"]
[BlackElo "1246"]
[PlyCount "51"]
[WhiteFideId "12952052"]
[BlackFideId "12971960"]
[EventCountry "GER"]
[EventRounds "9"]
[EventType "swiss"]
[EventDate "2016.05.14"]

1. d4 d5 2. Nf3 Nf6 3. e3 Bf5 4. c4 c6 5. Nh4 Bg6 6. Qb3 Qb6 7. Qxb6 axb6 8.
Nxg6 hxg6 9. Nc3 e6 10. cxd5 exd5 11. Bd3 Nbd7 12. Bd2 Bd6 13. h3 Nh7 14. O-O
f5 15. f3 O-O 16. e4 Bb4 17. exd5 c5 18. dxc5 bxc5 19. a3 Ne5 20. Be2 Rfd8 21.
axb4 cxb4 22. Nb5 Rxa1 23. Rxa1 Rxd5 24. Bxb4 Nd3 25. Bxd3 Rxd3 26. Nd6 1-0

[Event "DEM U16w 2016"]
[Site "Willingen GER"]
[Date "2016.05.19"]
[Round "7"]
[White "Christiansen, Anna"]
[Black "Weiten, Anna"]
[Result "1/2-1/2"]
[Termination "normal"]
[Board "13"]
[WhiteElo "1503"]
[BlackElo "1415"]
[PlyCount "81"]
[WhiteFideId "12952230"]
[BlackFideId "12938203"]
[EventCountry "GER"]
[EventRounds "9"]
[EventType "swiss"]
[EventDate "2016.05.14"]

1. e4 e5 2. Nf3 Nc6 3. Bc4 Nf6 4. Ng5 d5 5. exd5 Na5 6. Bb5+ Bd7 7. Bxd7+ Qxd7
8. O-O Nxd5 9. d3 O-O-O 10. Qf3 f6 11. Ne4 f5 12. Nec3 Nxc3 13. Nxc3 h6 14. Be3
Nc6 15. a4 a6 16. Rfb1 g5 17. Qh5 f4 18. Bd2 Nd4 19. Qd1 h5 20. b4 h4 21. b5 a5
22. Ne4 b6 23. Bc3 h3 24. g3 fxg3 25. fxg3 Qd5 26. Bxd4 Qxd4+ 27. Kh1 Qe3 28.
Qg4+ Kb8 29. Re1 Qd4 30. Qe2 Be7 31. Qe3 Qxe3 32. Rxe3 Rdf8 33. Kg1 Kc8 34. Rf1
Kd7 35. Ref3 Rxf3 36. Rxf3 Ke6 37. Kf1 g4 38. Rf2 Bb4 39. Ke2 Rf8 40. Rxf8 Bxf8
41. c3 1/2-1/2

[Event "DEM U16w 2016"]
[Site "Willingen GER"]
[Date "2016.05.20"]
[Round "8"]
[White "Leser, Katrin"]
[Black "Moses, Selina"]
[Result "1-0"]
[Termination "normal"]
[Board "1"]
[WhiteElo "1894"]
[BlackElo "1767"]
[WhiteClock "00:12:34"]
[BlackClock "00:11:31"]
[PlyCount "103"]
[WhiteFideId "12997692"]
[BlackFideId "12908070"]
[EventCountry "GER"]
[EventRounds "9"]
[EventType "swiss"]
[EventDate "2016.05.14"]

1. e4 e5 2. Nf3 d6 3. Bc4 Nd7 4. O-O Be7 5. d3 Ngf6 6. Re1 O-O 7. c3 h6 8. Nbd2
Re8 9. Nf1 Nf8 10. Qb3 Ne6 11. d4 exd4 12. cxd4 c6 13. e5 dxe5 14. dxe5 Nh7 15.
Be3 Qc7 16. Ng3 Bd7 17. a4 Rf8 18. Ne4 Nd8 19. Nc5 Bxc5 20. Bxc5 Re8 21. a5 Be6
22. Bd6 Qc8 23. Nd2 Bxc4 24. Nxc4 Qe6 25. Qc3 Nf8 26. Bc5 Qd7 27. Nd6 Re6 28.
f4 g6 29. Ne4 Nh7 30. Rad1 Qc7 31. Bd6 Qc8 32. Qh3 Kg7 33. Qh4 b6 34. Be7 Nb7
35. Bf6+ Nxf6 36. exf6+ Kg8 37. f5 Rxe4 38. Rxe4 Qxf5 39. Rde1 Qc5+ 40. Kh1 Qf8
41. Re7 Nd6 42. Rd7 Nf5 43. Qc4 Re8 44. Qc3 Rxe1+ 45. Qxe1 Qb8 46. g4 Qc8 47.
Qd2 Qa6 48. Qe1 Qc8 49. Rd1 c5 50. gxf5 Qc6+ 51. Kg1 Qxf6 52. fxg6 1-0